000 00265nam a2200121 i 4500
001 bg
245 0 _aLitovskij fiziceskij sbornik.
_nNr 4.
260 _aVilnjus,
_c1971.
040 _cBPK
041 _apol
942 _cKS
008 s pl f |000 0 pol
999 _c9231
_d9231
856 _uhttp://koha.tu.koszalin.pl/cgi-bin/koha/opac-detail.pl?biblionumber=9231
_yKatalog online BPK